01393nam a2200313 c 450000100060000000300100000600500170001600700030003300800410003602000180007704000350009504100080013008200200013810000300015824501360018825000220032426400490034630000580039533600270045333700330048033800280051350000340054150502850057552100410086054500660090165000510096765000330101870000280105159878CO-BoRNBP20251107220506.0ta180109s2017 sp ao er 000 0dspa d a9788498745634 aCO-BoRNBPbspaerdacCO-BoRNBP aspa04a686.3bG64g2221 aGolden, Alisad1962-eaut13aEl gran libro de la encuadernación :bmás de 100 encuadernaciones artesanales /cAlisa Golden ; traducción Ana María Aznar. aPrimera edición 1aMadrid, España :bEditorial El Drac,c2017 a256 páginas :bilustraciones, fotografías a color atextobtxt2rdacontent asin mediaciónbn2rdamedia avolumenbnc2rdacarrier aIncluye índice alfabético0 a1. Materiales y métodos 2. Libros doblados 3. Simplemente pegado 4. Simplemente cosido 5. Rollos y acordeones 6. Libros con movimiento 7. Códices 8. Variaciones de códices 9. Sobres y carpetas 10. Técnicas de cubiertas 11. Cajas y estuches 12. Ideas y conceptos aRecomendado para un público adulto aIncluye datos biográficos de los autores al final del texto07aEncuadernaciónxEstrategia y técnica2LEMB07aTécnicas de cubierta2lemb aAznar, Ana Maríaetrl